Nicomedes Martín Mateos (1806-1890) (Record no. 186935)

MARC details
000 -LEADER
campo de control de longitud fija 01179nam a2200265 i 4500
001 - NÚMERO DE CONTROL
campo de control 186935
003 - IDENTIFICADOR DE NÚMERO DE CONTROL
campo de control SpMaBN
005 - FECHA Y HORA DE LA ÚLTIMA TRANSACCIÓN
campo de control 20251118150216.0
008 - DATOS DE LONGITUD FIJA--INFORMACIÓN GENERAL
campo de control de longitud fija 170302s2015 sp c |||| |bspa d
080 ## - NÚMERO DE LA CLASIFICACIÓN DECIMAL UNIVERSAL
Número de la Clasificación Decimal Universal 929 Martín Mateos, Nicomedes
100 1# - ENTRADA PRINCIPAL--NOMBRE DE PERSONA
Nombre de persona Hernández Díaz, José María.
9 (RLIN) 161952
245 10 - MENCIÓN DEL TÍTULO
Título Nicomedes Martín Mateos (1806-1890)
Resto del título : filósofo, educador e icono ciudadano de Béjar /
Mención de responsabilidad, etc. José María Hernández Díaz ; [presentación, Antonio Avilés Amat ; prólogo, Antonio Gutiérrez Turrión].
260 ## - PUBLICACIÓN, DISTRIBUCIÓN, ETC.
Lugar de publicación, distribución, etc. [Béjar, Salamanca] :
Nombre del editor, distribuidor, etc. Centro de Estudios Bejaranos,
Fecha de publicación, distribución, etc. [2015]
300 ## - DESCRIPCIÓN FÍSICA
Extensión 70 p. :
Otras características físicas 1 retr. ;
Dimensiones 23 cm.
490 1# - MENCIÓN DE SERIE
Mención de serie Colección don Francés de Zúñiga ;
Designación de volumen o secuencia 2
504 ## - NOTA DE BIBLIOGRAFÍA, ETC.
Nota de bibliografía, etc. Bibliografía: p. 68-70.
504 ## - NOTA DE BIBLIOGRAFÍA, ETC.
Nota de bibliografía, etc. Referencias bibliográficas.
596 ## - NOTA AL PIE DE IMPRENTA
NOTA AL PIE DE IMPRENTA En verso de port.: Colaboran, Casino Obrero - Ateneo Cultural de Béjar, Ayuntamiento de Béjar.
600 17 - PUNTO DE ACCESO ADICIONAL DE MATERIA--NOMBRE DE PERSONA
Nombre de persona Martín Mateos, Nicomedes,
Fechas asociadas al nombre 1806-1890
Fuente del encabezamiento o término
9 (RLIN) 129604
700 1# - ENTRADA AGREGADA--NOMBRE PERSONAL
Nombre de persona Avilés Amat, Antonio.
9 (RLIN) 161951
710 2# - ENTRADA AGREGADA--NOMBRE DE ENTIDAD CORPORATIVA
Nombre de entidad corporativa o nombre de jurisdicción como elemento de entrada Centro de Estudios Bejaranos.
9 (RLIN) 161948
830 0# - PUNTO DE ACCESO ADICIONAL DE SERIE-TÍTULO UNIFORME
Título uniforme Colección don Francés de Zúñiga ;
Designación de volumen o secuencia 2
9 (RLIN) 192700
852 ## - LOCALIZACIÓN
Ubicación ES-MaACL
Número de control de estantería 1656-F-15
Holdings
Estatus retirado Estado de pérdida Estado de daño No para préstamo Colección Biblioteca de origen Biblioteca actual Ubicación en estantería Fecha de adquisición Fuente de adquisición Total de préstamos Signatura topográfica completa Código de barras Visto por última vez Precio de reemplazo Tipo de ítem Koha
        Colección de folletos Biblioteca del Ateneo de Madrid Biblioteca del Ateneo de Madrid Depósito folletos 02/03/2017     1656-F-15 1197177 23/02/2023 23/02/2023 Folleto